[Event "Amber 2007 Rapid"]
[Site "Monte Carlo MNC"]
[Date "2007.03.28"]
[Round "10"]
[White "Carlsen, M."]
[Black "Morozevich, A."]
[Result "1-0"]
[WhiteElo "2690"]
[BlackElo "2741"]
[PlyCount "107"]
[EventDate "2007.03.17"]
[Source "www.chesslib.no"]
[SourceDate "2004.05.04"]

1. d4 Nf6 2. c4 e6 3. g3 Bb4+ 4. Nd2 O-O 5. Ngf3 d6 6. Bg2 Re8 7. O-O e5 8. Nb3 e4 9. a3 exf3 10. Bxf3 Bxa3 11. Rxa3 c6 12. d5 cxd5 13. cxd5 Bh3 14. Re1 Nbd7 15. Nd4 a6 16. e4 Ne5 17. Bg2 Bxg2 18. Kxg2 Rc8 19. Nf5 Qd7 20. f3 h5 21. h3 g6 22. Nd4 Qc7 23. g4 Qb6 24. Rb3 Qa5 25. Bf4 Rc4 26. Be3 hxg4 27. hxg4 Nexg4 28. Bd2 Qc5 29. Bc3 Nxd5 30. fxg4 Nxc3 31. bxc3 Rxc3 32. Rxc3 Qxc3 33. Nf3 Qb2+ 34. Kg3 Qb4 35. Qd5 Re5 36. Qd3 b5 37. Rb1 Qxe4 38. Nxe5 Qxe5+ 39. Kg2 Qf4 40. Qf3 Qd2+ 41. Kg3 Qc2 42. Rd1 Qc5 43. Qa8+ Kg7 44. Qd5 Qe3+ 45. Qf3 Qe5+ 46. Qf4 Qc3+ 47. Kf2 f6 48. Rxd6 Qc5+ 49. Qd4 Qc2+ 50. Kg3 Qb3+ 51. Qd3 Qb2 52. Rd7+ Kh6 53. Qd2+ Qxd2 54. Rxd2 1-0

[Event "Stepanakert ARM, Petrosian Mem (A) 2005"]
[Site "?"]
[Date "2005.10.11"]
[Round "9"]
[White "Ivanchuk Vassily"]
[Black "Macieja Bartlomiej"]
[Result "1/2-1/2"]
[WhiteElo "2752"]
[BlackElo "2593"]
[PlyCount "69"]
[EventDate "2005.??.??"]
[Source "www.chesslib.no"]
[SourceDate "2004.05.04"]

1. d4 Nf6 2. c4 e6 3. g3 Bb4+ 4. Nd2 c5 5. a3 Bxd2+ 6. Qxd2 cxd4 7. Nf3 b6 8. Bg2 Bb7 9. O-O O-O 10. Qxd4 Nc6 11. Qd3 d5 12. cxd5 Qxd5 13. Qxd5 Nxd5 14. Bd2 Rac8 15. Rfd1 Rfd8 16. Rac1 h6 17. Kf1 Kf8 18. Ke1 Ke8 19. h4 Ba6 20. Rc2 Nce7 21. Rdc1 Rxc2 22. Rxc2 Rc8 23. Rxc8+ Bxc8 24. Nd4 Kd7 25. g4 Ba6 26. h5 Nf6 27. Bh3 Ne4 28. Bb4 Nd6 29. Bg2 f6 30. b3 e5 31. Nc2 Bb5 32. Ne3 Kc7 33. Kd2 Bd7 34. Nc4 Nec8 35. Ne3 1/2-1/2

[Event "Bundesliga 2007-8"]
[Site "Baden Baden GER"]
[Date "2007.12.15"]
[Round "3"]
[White "Bacrot, E."]
[Black "Fedorchuk, S."]
[Result "1-0"]
[WhiteElo "2695"]
[BlackElo "2645"]
[PlyCount "65"]
[EventDate "2007.10.19"]
[Source "www.chesslib.no"]
[SourceDate "2004.05.04"]

1. d4 Nf6 2. c4 e6 3. g3 Bb4+ 4. Bd2 c5 5. Bxb4 cxb4 6. Bg2 O-O 7. e4 d6 8. Ne2 e5 9. O-O Re8 10. Nd2 a5 11. Qc2 b6 12. Rfd1 Ba6 13. Nf1 Qc7 14. Ne3 Nbd7 15. Rac1 Nf8 16. b3 g6 17. Qb2 Qe7 18. f3 Rad8 19. Rd2 Rc8 20. Rcd1 Rc6 21. Kh1 h5 22. a3 bxa3 23. Qxa3 Qb7 24. Nd5 N6h7 25. f4 Rcc8 26. Qxd6 a4 27. bxa4 exf4 28. Nexf4 Rc6 29. Qa3 Rxc4 30. Rb2 Qc6 31. Rxb6 Qxa4 32. Qxa4 Rxa4 33. Nc7 1-0

[Event "Chess Classics Masters"]
[Site "Frankfurt"]
[Date "1998.06.18"]
[Round "10"]
[White "Beliavsky, Alexander G"]
[Black "Timman, Jan H"]
[Result "1/2-1/2"]
[WhiteElo "2690"]
[BlackElo "2635"]
[PlyCount "103"]
[EventDate "1998.06.17"]
[Source "ChessBase"]
[SourceDate "1998.09.09"]

1. d4 Nf6 2. c4 e6 3. g3 Bb4+ 4. Bd2 c5 5. Bxb4 cxb4 6. Bg2 O-O 7. e4 d6 8. Ne2 e5 9. O-O Nbd7 10. a3 bxa3 11. Nxa3 Qe7 12. Nc2 Nb6 13. Ne3 Ng4 14. Nxg4 Bxg4 15. f3 Bd7 16. Qd3 Rfc8 17. b3 a5 18. Qe3 Ra6 19. Rfc1 f6 20. Bf1 Be6 21. Nc3 exd4 22. Qxd4 Nd7 23. Nd5 Qd8 24. Nf4 Bf7 25. Bh3 Rcc6 26. Bxd7 Qxd7 27. Kf2 Qc8 28. g4 Kf8 29. h4 a4 30. Rxa4 Rxa4 31. bxa4 Bxc4 32. g5 fxg5 33. hxg5 Qc7 34. Kg3 Bg8 35. Rb1 Qe7 36. Rb5 Rc5 37. Kf2 Bf7 38. Nd3 Rc4 39. Qa7 Be8 40. Qb8 Rxa4 41. Nf4 Ra2+ 42. Kg3 Rc2 43. Rf5+ Kg8 44. Nd5 Qd7 45. Nb6 Qe6 46. Qd8 g6 47. Rf4 Rc5 48. Nd5 Rxd5 49. exd5 Qe1+ 50. Kh3 Qh1+ 51. Kg3 Qg1+ 52. Kh3 1/2-1/2

[Event "etch (m)"]
[Site "?"]
[Date "1997.??.??"]
[Round "?"]
[White "Beliavsky Alexander G"]
[Black "Andersson Ulf"]
[Result "1-0"]
[WhiteElo "2665"]
[BlackElo "2655"]
[PlyCount "95"]
[EventDate "1997.??.??"]
[Source "www.chesslib.no"]
[SourceDate "2004.05.04"]

1. d4 Nf6 2. c4 e6 3. g3 Bb4+ 4. Bd2 Bxd2+ 5. Nxd2 d6 6. Bg2 O-O 7. e3 c5 8. Ne2 cxd4 9. Nxd4 Qc7 10. O-O Nc6 11. Nb5 Qe7 12. Rc1 Rd8 13. Qe2 Bd7 14. Rfd1 Be8 15. a3 Rac8 16. b4 b6 17. Nc3 a5 18. b5 Ne5 19. Na4 Qc7 20. f4 Ned7 21. Nb3 e5 22. g4 h6 23. g5 Nh7 24. gxh6 g6 25. f5 Ndf6 26. Rf1 Bd7 27. fxg6 fxg6 28. Nd2 Be6 29. Ne4 Nxe4 30. Bxe4 Kh8 31. Bc6 Rb8 32. Qg2 Qe7 33. Qg3 g5 34. Rf2 g4 35. Kh1 Qg5 36. Nc3 Nf6 37. Ne4 Nxe4 38. Bxe4 Rb7 39. Rd1 Re7 40. Bf5 Bf7 41. Rxd6 Rde8 42. Qf4 Qxh6 43. Rf1 Bxc4 44. Rd4 Rf8 45. Bd3 Rf5 46. Rc1 exd4 47. Bb1 dxe3 48. Qxh6+ 1-0

[Event "Pula"]
[Site "?"]
[Date "1997.??.??"]
[Round "?"]
[White "Beliavsky, A."]
[Black "Andersson, U."]
[Result "1-0"]
[WhiteElo "2665"]
[BlackElo "2655"]
[PlyCount "95"]
[EventDate "1997.??.??"]
[Source "ChessBase"]
[SourceDate "1997.02.01"]

1. d4 Nf6 2. c4 e6 3. g3 Bb4+ 4. Bd2 Bxd2+ 5. Nxd2 d6 6. Bg2 O-O 7. e3 c5 8. Ne2 cxd4 9. Nxd4 Qc7 10. O-O Nc6 11. Nb5 Qe7 12. Rc1 Rd8 13. Qe2 Bd7 14. Rfd1 Be8 15. a3 Rac8 16. b4 b6 17. Nc3 a5 18. b5 Ne5 19. Na4 Qc7 20. f4 Ned7 21. Nb3 e5 22. g4 h6 23. g5 Nh7 24. gxh6 g6 25. f5 Ndf6 26. Rf1 Bd7 27. fxg6 fxg6 28. Nd2 Be6 29. Ne4 Nxe4 30. Bxe4 Kh8 31. Bc6 Rb8 32. Qg2 Qe7 33. Qg3 g5 34. Rf2 g4 35. Kh1 Qg5 36. Nc3 Nf6 37. Ne4 Nxe4 38. Bxe4 Rf8 39. Rd1 Bf5 40. Bxf5 Rxf5 41. Rxd6 Rbf8 42. h4 Qh5 43. Rg2 Rg8 44. Rd5 Kh7 45. Kg1 Kxh6 46. Rf2 Re8 47. e4 Rxf2 48. Qxf2 1-0

[Event "Tan Chin Nam Cup 7th"]
[Site "Shanghai"]
[Date "2001.07.18"]
[Round "9"]
[White "Tkachiev, Vladislav"]
[Black "Sokolov, Ivan"]
[Result "1-0"]
[WhiteElo "2642"]
[BlackElo "2659"]
[PlyCount "87"]
[EventDate "2001.07.09"]
[Source "ChessBase"]
[SourceDate "2001.11.13"]

1. d4 Nf6 2. c4 e6 3. g3 Bb4+ 4. Bd2 Be7 5. Bg2 d5 6. Nf3 c6 7. Qc2 O-O 8. O-O b6 9. Rd1 Bb7 10. b3 Na6 11. Nc3 c5 12. Bf4 Qc8 13. cxd5 exd5 14. Rac1 Rd8 15. Qb1 h6 16. Ne5 Qe6 17. Be3 cxd4 18. Bxd4 Ba3 19. Rc2 Bc5 20. Bxc5 Nxc5 21. Nf3 Nfe4 22. Qb2 Ba6 23. b4 Nxc3 24. Qxc3 Ne4 25. Qe3 Rac8 26. Nd4 Qe8 27. Rdc1 Rxc2 28. Rxc2 Qa4 29. Qb3 Qd7 30. Qa3 Bb5 31. Qc1 a6 32. Rc7 Qd6 33. Qf4 Qxf4 34. gxf4 Kf8 35. e3 Bd3 36. Nc6 Re8 37. Ne5 Bb1 38. Rxf7+ Kg8 39. Rb7 Rc8 40. Bh3 Rc1+ 41. Kg2 Nc3 42. Be6+ Kh7 43. f5 Ne4 44. Bg8+ 1-0

[Event "Vlissingen HZ op"]
[Site "Vlissingen"]
[Date "2001.08.01"]
[Round "6"]
[White "Kasimdzhanov, Rustam"]
[Black "Epishin, Vladimir"]
[Result "1-0"]
[WhiteElo "2704"]
[BlackElo "2583"]
[PlyCount "107"]
[EventDate "2001.07.28"]
[Source "ChessBase"]
[SourceDate "2001.09.11"]

1. d4 Nf6 2. c4 e6 3. g3 Bb4+ 4. Bd2 Qe7 5. Bg2 Nc6 6. e3 e5 7. d5 Bxd2+ 8. Qxd2 Nb8 9. Nc3 d6 10. Nge2 Nbd7 11. h3 h5 12. O-O-O a6 13. g4 Nb6 14. g5 Nfd7 15. Ne4 Nc5 16. Nxc5 dxc5 17. d6 cxd6 18. Qxd6 Qxd6 19. Rxd6 Nxc4 20. Rd5 Be6 21. Rxc5 Rc8 22. Rxc8+ Bxc8 23. Rd1 Ke7 24. Nc3 Nb6 25. h4 Rd8 26. Rxd8 Kxd8 27. Bf3 g6 28. Ne4 Kc7 29. Nc5 Nd7 30. Nxd7 Bxd7 31. Kd2 Be6 32. a3 a5 33. Kc3 b6 34. Be4 Kd6 35. f4 b5 36. Bd3 Bd7 37. b4 a4 38. Bb1 Be6 39. Bd3 Bd7 40. f5 gxf5 41. Be2 Be8 42. Bxh5 Ke7 43. Kd2 Kf8 44. Be2 f6 45. g6 Kg7 46. h5 Bc6 47. Ke1 f4 48. exf4 exf4 49. Kf2 f5 50. Bd3 Kf6 51. Ke2 Kg5 52. g7 Bd5 53. Bxb5 Kxh5 54. Bc6 1-0

[Event "57th ch-RUS Qualifier"]
[Site "St Petersburg"]
[Date "2004.05.24"]
[Round "4"]
[White "Khalifman, Alexander"]
[Black "Alekseev, Evgeny"]
[Result "1-0"]
[WhiteElo "2668"]
[BlackElo "2616"]
[PlyCount "81"]
[EventDate "2004.05.01"]
[Source "Roberto Alvarez"]
[SourceDate "2004.05.31"]

1. d4 Nf6 2. c4 e6 3. g3 Bb4+ 4. Bd2 Be7 5. Bg2 d5 6. Nf3 c6 7. Qb3 Nbd7 8. Bf4 O-O 9. O-O b6 10. Nc3 Ba6 11. cxd5 Nxd5 12. Qa4 Nxf4 13. gxf4 Bb7 14. Rfd1 Qc7 15. e3 Rac8 16. Rac1 Qb8 17. Ne5 Nxe5 18. dxe5 Rc7 19. Rd2 a6 20. Qb3 b5 21. a4 c5 22. axb5 Bxg2 23. Kxg2 Qb7+ 24. Kg1 c4 25. Qa4 axb5 26. Qxb5 Qf3 27. Ne2 h5 28. Nd4 Qe4 29. Rxc4 Qb1+ 30. Kg2 Qe4+ 31. Kg1 Qb1+ 32. Kg2 Qe4+ 33. f3 Qg6+ 34. Kh3 Ra7 35. Rc1 Rd8 36. Qd3 Qh6 37. Qe4 Rad7 38. Rg2 Bf8 39. Rc6 Re8 40. f5 exf5 41. Nxf5 1-0

[Event "USA-ARM"]
[Site "Glendale"]
[Date "1994.??.??"]
[Round "1"]
[White "Kaidanov, Gregory S"]
[Black "Vaganian, Rafael A"]
[Result "1/2-1/2"]
[WhiteElo "2645"]
[BlackElo "2625"]
[PlyCount "47"]
[EventDate "1994.05.??"]
[Source "ChessBase"]

1. d4 Nf6 2. c4 e6 3. g3 Bb4+ 4. Nd2 c5 5. a3 Bxd2+ 6. Qxd2 Nc6 7. dxc5 Ne4 8. Qe3 Qa5+ 9. Bd2 Nxd2 10. Qxd2 Qxc5 11. Rc1 a5 12. Bg2 O-O 13. Nf3 b5 14. cxb5 Qxb5 15. O-O Rb8 16. Rc2 Ne5 17. Rfc1 Nxf3+ 18. exf3 a4 19. Rc4 Ba6 20. Rb4 Qd3 21. Qxd3 Bxd3 22. Rxa4 Rxb2 23. Rd4 Bb5 24. a4 1/2-1/2

[Event "XXI Carlos Torre KO"]
[Site "Merida MES"]
[Date "2008.12.18"]
[Round "2.2"]
[White "Moiseenko, A1."]
[Black "Hernandez Carmenates, Hold"]
[Result "1-0"]
[WhiteElo "2678"]
[BlackElo "2580"]
[PlyCount "79"]
[EventDate "2008.12.17"]
[Source "www.chesslib.no"]
[SourceDate "2004.05.04"]

1. d4 Nf6 2. c4 e6 3. g3 Bb4+ 4. Bd2 Bxd2+ 5. Qxd2 O-O 6. Bg2 d5 7. Nf3 c6 8. Nc3 Nbd7 9. O-O b6 10. cxd5 cxd5 11. Rfc1 a6 12. Na4 a5 13. Ne5 Bb7 14. Nxd7 Nxd7 15. Qf4 Ba6 16. Bf1 Ra7 17. e3 Bxf1 18. Kxf1 Qb8 19. Qxb8 Rxb8 20. Rc6 Kf8 21. Rac1 Ke7 22. Ke2 Rab7 23. b3 Nf6 24. Nc3 b5 25. Nd1 Ra8 26. Rc7+ Rxc7 27. Rxc7+ Nd7 28. Nc3 Kd8 29. Rb7 b4 30. Na4 Kc8 31. Rxd7 Kxd7 32. Nb6+ Kc6 33. Nxa8 g5 34. Kf3 f5 35. g4 Kb7 36. Kg3 Kxa8 37. gxf5 exf5 38. f4 h6 39. fxg5 hxg5 40. h4 1-0

[Event "AUT-chT 9495"]
[Site "Austria"]
[Date "1995.??.??"]
[Round "?"]
[White "Chernin, Alexander"]
[Black "Sokolov, Ivan"]
[Result "1/2-1/2"]
[WhiteElo "2600"]
[BlackElo "2645"]
[PlyCount "38"]
[EventDate "1994.??.??"]
[Source "ChessBase"]

1. d4 Nf6 2. c4 e6 3. g3 Bb4+ 4. Nd2 c5 5. dxc5 Nc6 6. Bg2 Bxc5 7. Ngf3 d5 8. O-O O-O 9. a3 a5 10. b3 d4 11. b4 axb4 12. Nb3 Be7 13. Nfxd4 Nxd4 14. Nxd4 e5 15. Nc2 Be6 16. Bb2 Bxc4 17. Nxb4 Qxd1 18. Rfxd1 b5 19. e3 Rfe8 1/2-1/2

[Event "Camp. russo a squadre 2007"]
[Site "Sochi RUS"]
[Date "2007.05.06"]
[Round "5"]
[White "Khenkin, I."]
[Black "Bocharov, D."]
[Result "1-0"]
[WhiteElo "2629"]
[BlackElo "2614"]
[PlyCount "153"]
[EventDate "2007.05.02"]
[Source "www.chesslib.no"]
[SourceDate "2004.05.04"]

1. d4 Nf6 2. c4 e6 3. g3 Bb4+ 4. Bd2 a5 5. Bg2 O-O 6. Nf3 b6 7. Ne5 Ra7 8. O-O Bb7 9. Bxb7 Rxb7 10. Bf4 Be7 11. Nc3 d6 12. Nf3 d5 13. Qb3 c6 14. Rac1 Nbd7 15. cxd5 exd5 16. Rfe1 b5 17. e4 Nb6 18. Ne5 a4 19. Qc2 Qe8 20. exd5 cxd5 21. Bg5 b4 22. Ne2 Ne4 23. Bxe7 Rxe7 24. Nf4 Ng5 25. Kg2 Ne6 26. Nxe6 Rxe6 27. b3 axb3 28. axb3 Nd7 29. Nd3 Qe7 30. Qc7 h6 31. Rxe6 fxe6 32. Re1 Qf7 33. Re3 e5 34. dxe5 d4 35. e6 Qf5 36. Qc4 dxe3 37. e7+ Kh8 38. exf8=Q+ Qxf8 39. fxe3 Qa8+ 40. e4 Nf6 41. Nf2 Qf8 42. g4 Qd6 43. Qc8+ Kh7 44. Qf5+ Kh8 45. Qc8+ Kh7 46. Qf5+ Kh8 47. h4 Nd7 48. Qd5 Qe7 49. Nd3 Nf6 50. Qa8+ Ng8 51. e5 Qxh4 52. Qc8 Qg5 53. Kf3 Qd2 54. Ke4 Qd1 55. Qe6 Qc2 56. Ke3 Qc7 57. Qd6 Qf7 58. Qxb4 Ne7 59. Qc4 Qg6 60. b4 Qg5+ 61. Ke2 h5 62. Qf4 Qh4 63. g5 Qh1 64. Qf8+ Ng8 65. Qf3 Qh2+ 66. Qf2 Qh3 67. b5 Kh7 68. g6+ Kh6 69. Qe3+ Qxe3+ 70. Kxe3 Ne7 71. Nf4 Kg5 72. b6 h4 73. b7 Nc6 74. Ke4 Nb8 75. Kf3 h3 76. e6 h2 77. Kg2 1-0

[Event "It (Men) Copenhagen DEN"]
[Site "?"]
[Date "2005.04.16"]
[Round "2"]
[White "Hansen Curt"]
[Black "Timman Jan Hein"]
[Result "1/2-1/2"]
[WhiteElo "2633"]
[BlackElo "2607"]
[PlyCount "66"]
[EventDate "2005.??.??"]
[Source "www.chesslib.no"]
[SourceDate "2004.05.04"]

1. d4 Nf6 2. c4 e6 3. g3 Bb4+ 4. Bd2 c5 5. Bxb4 cxb4 6. Bg2 O-O 7. Nf3 d6 8. O-O Nc6 9. a3 bxa3 10. Rxa3 e5 11. Nc3 Bg4 12. Qd2 Bxf3 13. Bxf3 Nxd4 14. Bxb7 Rb8 15. Bg2 Nb3 16. Qc2 Nd4 17. Qd2 Nb3 18. Qd1 Nc5 19. Nb5 a6 20. Qxd6 axb5 21. Qxc5 bxc4 22. Qxe5 Re8 23. Qc3 Rxe2 24. Qxc4 Rexb2 25. Ra7 Qf8 26. Rd1 R2b4 27. Qc7 Rc8 28. Qa5 Rbb8 29. Qa2 Qe8 30. Bf3 Rd8 31. Rxd8 Rxd8 32. Kg2 h6 33. h4 Qe6 1/2-1/2

[Event "USA-ch"]
[Site "USA"]
[Date "1994.??.??"]
[Round "3"]
[White "Kaidanov, Gregory S"]
[Black "Seirawan, Yasser"]
[Result "0-1"]
[WhiteElo "2645"]
[BlackElo "2585"]
[PlyCount "114"]
[EventDate "1994.10.??"]
[Source "ChessBase"]

1. d4 Nf6 2. c4 e6 3. g3 Bb4+ 4. Nd2 d5 5. Bg2 O-O 6. Ngf3 c6 7. O-O b6 8. Qc2 Be7 9. e4 Bb7 10. b3 Nbd7 11. Bb2 Rc8 12. Rad1 h6 13. Rfe1 Qc7 14. Qb1 Rfd8 15. e5 Ne8 16. Rc1 Qb8 17. c5 bxc5 18. Ba3 Nc7 19. Bxc5 Nxc5 20. dxc5 a5 21. a3 Na6 22. b4 axb4 23. axb4 Ba8 24. Bf1 Nxb4 25. Re3 Rd7 26. Rb3 Qa7 27. Rxb4 Bxc5 28. Rb2 Bxf2+ 29. Kg2 Be3 30. Ra2 Qc7 31. Qd3 Bxd2 32. Qxd2 c5 33. Bb5 Rdd8 34. Ba6 Bb7 35. Bxb7 Qxb7 36. Rac2 c4 37. Nd4 Rb8 38. Rf1 Rd7 39. g4 Qb4 40. Qe3 Ra8 41. Rf3 Ra1 42. Re2 Qb1 43. Rff2 Rb7 44. Kh3 Qg6 45. Rf3 Rd1 46. Qf2 h5 47. Rf4 hxg4+ 48. Kg2 Qh5 49. h4 gxh3+ 50. Kh2 Rbb1 51. Qf3 Qg5 52. Rf2 Qg1+ 53. Kxh3 Rd3 54. Rxf7 Qh1+ 55. Rh2 Rxf3+ 56. Rxf3 Qd1 57. Ne2 Rb3 0-1

[Event "Reggio Emilia 8788"]
[Site "Reggio Emilia"]
[Date "1987.??.??"]
[Round "?"]
[White "Beliavsky, Alexander G"]
[Black "Andersson, Ulf"]
[Result "1/2-1/2"]
[WhiteElo "2630"]
[BlackElo "2600"]
[PlyCount "63"]
[EventDate "1987.12.??"]
[Source "ChessBase"]

1. d4 Nf6 2. c4 e6 3. g3 Bb4+ 4. Bd2 Bxd2+ 5. Qxd2 d5 6. Bg2 Nbd7 7. Nf3 c6 8. a4 a5 9. O-O O-O 10. Rc1 b6 11. Na3 Ba6 12. b4 axb4 13. Qxb4 Rc8 14. Qb2 Qe7 15. Rc2 h6 16. Rac1 c5 17. Nb5 Rfd8 18. Nd2 Bb7 19. Nb3 Qf8 20. Ra1 Ba8 21. Rac1 dxc4 22. Rxc4 Bxg2 23. Kxg2 cxd4 24. N3xd4 Rxc4 25. Rxc4 Rc8 26. Nc6 Rxc6 27. Rxc6 Qa8 28. Qc3 Nb8 29. Nd4 Nxc6 30. Qxc6 Qxc6+ 31. Nxc6 Nd5 32. Kf3 1/2-1/2

[Event "Reggio Emilia 9596"]
[Site "Reggio Emilia"]
[Date "1996.??.??"]
[Round "7"]
[White "Razuvaev, Yuri S"]
[Black "Epishin, Vladimir"]
[Result "1-0"]
[WhiteElo "2585"]
[BlackElo "2640"]
[PlyCount "134"]
[EventDate "1995.01.??"]
[Source "ChessBase"]

1. d4 Nf6 2. c4 e6 3. g3 Bb4+ 4. Bd2 c5 5. Bxb4 cxb4 6. Bg2 O-O 7. Nf3 d6 8. O-O Re8 9. Qb3 Qb6 10. Nbd2 Nc6 11. Rfd1 Bd7 12. Rac1 Na5 13. Qd3 Rac8 14. b3 Qc7 15. Qb1 e5 16. dxe5 dxe5 17. Ng5 Bc6 18. Bd5 Bxd5 19. cxd5 Qe7 20. Rxc8 Rxc8 21. d6 Qd8 22. Qf5 h6 23. Nge4 Nd7 24. Nf3 Qe8 25. Nxe5 Nxe5 26. d7 Nxd7 27. Rxd7 Rd8 28. Rc7 Nc6 29. e3 Ne7 30. Qe5 Nd5 31. Qxe8+ Rxe8 32. Rd7 Re5 33. Nd6 Nc3 34. Rxb7 a5 35. Nc4 Rc5 36. a4 bxa3 37. Nxa3 Ne4 38. Ra7 Rc3 39. Rxa5 Rxb3 40. Nc4 Rc3 41. Ne5 f6 42. Ng4 Rc4 43. h3 Ng5 44. Kg2 h5 45. Nh2 h4 46. g4 Rc2 47. Ra4 Kf7 48. Nf1 g6 49. Rd4 Ke6 50. Rd2 Rc1 51. Nh2 Ra1 52. Rb2 Kf7 53. f4 Ne4 54. Nf3 g5 55. Nd4 Nd6 56. Rc2 Re1 57. fxg5 fxg5 58. Nf3 Rxe3 59. Nxg5+ Ke8 60. Kf2 Ra3 61. Re2+ Kd7 62. Nf3 Nf7 63. Kg2 Kd6 64. Nxh4 Ng5 65. Nf5+ Kd5 66. h4 Ne4 67. Ne3+ Ke6 1-0

[Event "It (cat.14)"]
[Site "Wijk aan Zee (Netherlands)"]
[Date "2007.01.24"]
[Round "10"]
[White "Sargissian Gabriel (ARM)"]
[Black "Werle Jan (NED)"]
[Result "1-0"]
[WhiteElo "2658"]
[BlackElo "2566"]
[PlyCount "75"]
[EventDate "2007.??.??"]
[Source "www.chesslib.no"]
[SourceDate "2004.05.04"]

1. d4 Nf6 2. c4 e6 3. g3 d5 4. Nf3 c6 5. Bg2 dxc4 6. Ne5 b5 7. a4 Nd5 8. O-O Bb7 9. e4 Nf6 10. axb5 cxb5 11. Nc3 a6 12. d5 Be7 13. b3 Nfd7 14. Ng4 cxb3 15. Bb2 Nc5 16. Ne2 O-O 17. Nf4 f6 18. Rc1 e5 19. Rxc5 exf4 20. Rc1 Bd6 21. Qxb3 Bc8 22. Qf3 fxg3 23. hxg3 Nd7 24. Ne3 Ne5 25. Qd1 Re8 26. f4 Nf7 27. Ng4 Bxg4 28. Qxg4 a5 29. Qf3 a4 30. Bh3 a3 31. Ba1 Qb6+ 32. Kg2 b4 33. Be6 b3 34. Qh5 Rf8 35. Rh1 h6 36. Bxf6 Qe3 37. Qg6 Qe2+ 38. Kh3 1-0

[Event "Jonsson Mem Open, Reykjavik ISL"]
[Site "?"]
[Date "2001.??.??"]
[Round "6"]
[White "Nielsen, PH."]
[Black "Timman, J."]
[Result "1/2-1/2"]
[WhiteElo "2620"]
[BlackElo "2600"]
[PlyCount "160"]
[EventDate "2001.??.??"]
[Source "www.chesslib.no"]
[SourceDate "2004.05.04"]

1. d4 Nf6 2. c4 e6 3. g3 Bb4+ 4. Bd2 c5 5. Bxb4 cxb4 6. Bg2 O-O 7. Nf3 d6 8. O-O Nc6 9. a3 bxa3 10. Rxa3 e5 11. Nc3 Bg4 12. Qd2 Bxf3 13. Bxf3 Nxd4 14. Bxb7 Rb8 15. Bg2 Qb6 16. Rb1 Rfc8 17. e3 Nb3 18. Qe2 a6 19. g4 Qd8 20. Rxa6 Na5 21. g5 Ne8 22. Nd5 Nxc4 23. Ra7 Qxg5 24. Ne7+ Kf8 25. Nxc8 Rxc8 26. b3 Nb6 27. Qb5 Qg6 28. Rba1 Rb8 29. Kh1 e4 30. R7a6 Qf6 31. Rc1 Qd8 32. Ra7 d5 33. Qc5+ Kg8 34. Qe7 Qxe7 35. Rxe7 Kf8 36. Ra7 Nc8 37. Ra5 Ne7 38. Rc3 f5 39. Bf1 g5 40. Bb5 Nf6 41. Rc7 f4 42. Raa7 Nfg8 43. Ba4 f3 44. Kg1 g4 45. h3 gxh3 46. Bd7 Rb6 47. Bxh3 Kf7 48. Rab7 Ra6 49. b4 Ra1+ 50. Kh2 Kf6 51. Rb6+ Kg5 52. Be6 h5 53. Bxg8 Nxg8 54. Rg7+ Kh4 55. Rxg8 Ra2 56. Kg1 Ra1+ 57. Kh2 Ra2 58. Rf6 Rxf2+ 59. Kg1 Rb2 60. Rf5 Rxb4 61. Rgg5 Rb1+ 62. Kf2 Rb2+ 63. Ke1 Rb1+ 64. Kd2 Rb2+ 65. Kc3 Re2 66. Kd4 Rd2+ 67. Ke5 Kh3 68. Rxh5+ Kg2 69. Rfg5+ Kf1 70. Kf4 f2 71. Rh1+ Ke2 72. Rg2 Kd3 73. Rg5 Ke2 74. Rg2 Kd3 75. Rf1 d4 76. exd4 e3 77. d5 Ke2 78. Rfxf2+ exf2 79. Ke5 Kf3 80. Rxf2+ Kxf2 1/2-1/2

[Event "XVII Torre Mem KO"]
[Site "?"]
[Date "2004.12.19"]
[Round "3.1"]
[White "Ivanchuk Vassily"]
[Black "Quezada Yuniesky"]
[Result "1-0"]
[WhiteElo "2705"]
[BlackElo "2513"]
[PlyCount "83"]
[EventDate "2004.??.??"]
[Source "www.chesslib.no"]
[SourceDate "2004.05.04"]

1. d4 Nf6 2. c4 e6 3. g3 Bb4+ 4. Nd2 O-O 5. Bg2 c5 6. a3 Bxd2+ 7. Qxd2 cxd4 8. Nf3 d5 9. cxd5 Qxd5 10. Qxd4 Nc6 11. Qxd5 Nxd5 12. O-O b6 13. Rd1 Ba6 14. e4 Nf6 15. Bf4 Rfd8 16. Rac1 Rxd1+ 17. Rxd1 Rc8 18. Ne1 e5 19. Bg5 Nd4 20. f3 h6 21. Be3 Nc2 22. Bd2 Rd8 23. Kf2 Na1 24. Bf1 Bxf1 25. Kxf1 Nb3 26. Ke2 Kf8 27. Bc3 Rxd1 28. Kxd1 Nd7 29. Nd3 f6 30. Kc2 Na1+ 31. Kb1 Nb3 32. Ka2 Nbc5 33. Nxc5 bxc5 34. Kb3 Ke7 35. Kc4 Kd6 36. Kb5 Nb8 37. b4 Nc6 38. bxc5+ Kd7 39. f4 g5 40. fxe5 fxe5 41. g4 Kc7 42. Kc4 1-0

[Event "Campionato europeo 2007"]
[Site "Dresda GER"]
[Date "2007.04.06"]
[Round "4"]
[White "Avrukh, Boris"]
[Black "Khismatullin, Denis"]
[Result "1-0"]
[WhiteElo "2644"]
[BlackElo "2570"]
[PlyCount "179"]
[EventDate "2007.04.03"]
[Source "www.chesslib.no"]
[SourceDate "2004.05.04"]

1. d4 Nf6 2. c4 e6 3. g3 c5 4. d5 exd5 5. cxd5 Bd6 6. Nc3 O-O 7. Bg2 Bc7 8. d6 Ba5 9. Nh3 Nc6 10. O-O Re8 11. Nd5 Nxd5 12. Bxd5 h6 13. Nf4 Qf6 14. Be3 Nd4 15. a3 Bb6 16. Rc1 Rb8 17. Rc4 Nf5 18. Bxc5 Bxc5 19. Rxc5 Nxd6 20. Bf3 b6 21. Rc3 Ne4 22. Nd5 Qd8 23. Rc2 Bb7 24. Qd4 Ng5 25. Bg2 Ne6 26. Qg4 Qg5 27. Qxg5 hxg5 28. Rd1 Bc6 29. Ne3 Ba4 30. Bd5 Bxc2 31. Nxc2 Kf8 32. Ne3 Red8 33. Kg2 Rbc8 34. Rd2 g6 35. Nc4 Ke7 36. Ne3 Rc1 37. Bc4 Nc7 38. Rd4 d5 39. Bb3 Rb1 40. Rd2 d4 41. Nc4 Kf6 42. Rc2 d3 43. exd3 Ne6 44. Nd2 Ra1 45. Ne4+ Ke7 46. Bxe6 fxe6 47. Nxg5 Rxd3 48. h4 Rad1 49. Rc6 Rd6 50. Rc8 Rd8 51. Rc6 R1d6 52. Rc7+ R8d7 53. Rc8 e5 54. Ne4 Rd4 55. Kf3 Ke6 56. Re8+ Re7 57. Rg8 Kf7 58. Rc8 Kg7 59. Rc6 Rf7+ 60. Ke3 Rd1 61. Ng5 Rfd7 62. Ne6+ Kg8 63. Ng5 R1d6 64. Rc8+ Kg7 65. Rc3 Rd1 66. Nf3 Rb1 67. Rc2 Rd5 68. Ke4 Rc5 69. Rd2 a5 70. Rd7+ Kg8 71. Rd8+ Kf7 72. Rb8 Rxb2 73. Nxe5+ Ke6 74. Nxg6 Rc4+ 75. Kf3 Rcc2 76. Nf4+ Kd7 77. h5 Rxf2+ 78. Kg4 Rh2 79. Kg5 Rb5+ 80. Kg6 Kc7 81. Rf8 Rb3 82. g4 Rxa3 83. h6 Rg3 84. g5 a4 85. Ra8 b5 86. h7 Rxg5+ 87. Kxg5 Rxh7 88. Ra7+ Kb6 89. Rxh7 b4 90. Nd3 1-0

[Event "Moscow RUS"]
[Site "Moscow RUS"]
[Date "1988.??.??"]
[Round "?"]
[White "Tukmakov, Vladimir B"]
[Black "Jussupow, Artur M"]
[Result "1-0"]
[WhiteElo "2590"]
[BlackElo "2620"]
[PlyCount "69"]
[EventDate "1988.??.??"]
[Source "www.chesslib.no"]
[SourceDate "2004.05.04"]

1. d4 Nf6 2. c4 e6 3. g3 Bb4+ 4. Bd2 a5 5. Bg2 O-O 6. Nf3 b6 7. O-O Ba6 8. Bg5 Bxc4 9. Ne5 Bd5 10. e4 Bb7 11. Ng4 Be7 12. Nxf6+ Bxf6 13. Bxf6 gxf6 14. Nc3 d6 15. d5 Kh8 16. Rc1 Na6 17. Qf3 Nc5 18. Rfd1 Qe7 19. Nb5 e5 20. b3 Rg8 21. Bh3 Ba6 22. Na3 b5 23. Nc2 b4 24. Ne3 a4 25. Nf5 Qf8 26. Qe3 Bc8 27. Rc4 axb3 28. axb3 Rb8 29. Ra1 Bxf5 30. Bxf5 Qg7 31. h4 Rb7 32. Rxc5 dxc5 33. Qxc5 Qh6 34. Qc6 Qxh4 35. Ra8 1-0

[Event "Reggio Emilia 8788"]
[Site "Reggio Emilia"]
[Date "1987.??.??"]
[Round "?"]
[White "Beliavsky, Alexander G"]
[Black "Christiansen, Larry Mark"]
[Result "1/2-1/2"]
[WhiteElo "2630"]
[BlackElo "2575"]
[PlyCount "76"]
[EventDate "1987.12.??"]
[Source "ChessBase"]

1. d4 Nf6 2. c4 e6 3. g3 Bb4+ 4. Bd2 Qe7 5. Bg2 Bxd2+ 6. Qxd2 d6 7. Nc3 O-O 8. Nf3 e5 9. O-O Re8 10. e4 Bg4 11. d5 Bxf3 12. Bxf3 Nbd7 13. b4 a5 14. a3 Ra6 15. Nb5 Nb6 16. Rac1 axb4 17. axb4 Qd7 18. Qd3 Ra4 19. Qb3 Rea8 20. Rfd1 h5 21. h4 g6 22. Rb1 Ng4 23. Be2 Qe7 24. Rbc1 c6 25. dxc6 bxc6 26. c5 dxc5 27. bxc5 Nd7 28. Nd6 Ndf6 29. Bc4 Nxf2 30. Kxf2 Ra3 31. Bxf7+ Kg7 32. Qe6 Ra2+ 33. Kg1 R8a3 34. Ne8+ Kh6 35. Nxf6 Rxg3+ 36. Kh1 Qxf7 37. Rd7 Qxf6 38. Qxf6 Rh2+ 1/2-1/2